Statistiken für Ergebnisdiagramm der Fußball-Weltmeisterschaft 2010

Klicken Sie hier um das Quiz zu spielen!

Allgemein

  • Dieses Quiz wurde 128 mal gespielt
  • Das Durchschnittsergebnis liegt bei 25 aus 32

Antwortstatistiken

Nation % Korrekt
Deutschland
100%
Spanien
100%
Niederlande
99%
Argentinien
97%
England
95%
USA
92%
Italien
92%
Brasilien
91%
Frankreich
90%
Portugal
88%
Australien
87%
Südafrika
86%
Ghana
86%
Uruguay
85%
Schweiz
83%
Japan
83%
Mexiko
82%
Südkorea
81%
Serbien
79%
Chile
74%
Kamerun
65%
Nigeria
64%
Neuseeland
59%
Griechenland
59%
Paraguay
58%
Elfenbeinküste
58%
Algerien
58%
Honduras
56%
Dänemark
55%
Nordkorea
50%
Slowakei
50%
Slowenien
47%

Verteilung der Resultate

Perzentil nach korrekt beantworteten Fragen

Anzahl Personen mit jedem Resultat

Ihre Resultats-Entwicklung

Sie haben dieses Quiz noch nicht gespielt